The power of indirect influence

Bibliographic Details
Main Author: Tingley, Judith C. (Author)
Format: Book
Language:English
Published: New York : Amacom 2001
Subjects:

MARC

LEADER 00000cam a2200000 7i4500
001 0000012179
005 20241018.0
008 030902 nyu eng
020 |a 0814470505 
040 |a INS   |b eng   |e rda 
090 0 0 |a HD30.3   |b .T57 2001 
100 1 |a Tingley, Judith C. ,   |e author 
245 1 4 |a The power of indirect influence   |c Judith C. Tingley 
264 1 |a New York :   |b Amacom   |c 2001 
264 4 |c ©2001 
300 |a xii, 222 pages ;   |c 23 cm. 
336 |a text  |2 rdacontent 
337 |a unmediated  |2 rdamedia 
338 |a volume  |2 rdacarrier 
504 |a Includes bibliographical references and index 
650 0 |a Communication in management 
650 0 |a Communication in organizations 
650 0 |a Interpersonal communication 
999 |a 0000013305   |b BOOK   |c Open Shelf   |e Default branch